000 00629nam a2200193Ii 4500
003 JO-AjNU
008 230605s9999||||xx |||||||||||||| ||und||
040 _aJO-AjNU
_bara
_erda
_cJO-AjNU
041 _aara
050 1 4 _aPT14.P64 1974
100 3 _aبولم ،دنيس/ترجمة شاهين ،علي ,
_eauthor
_915956
245 0 0 _aالحضارات الافريقية
264 3 1 _a بيروت :دار مكتبة الحياة ،1974
300 _a151ص
336 _atext
_btxt
_2rdacontent
337 _aunmediated
_bn
_2rdamedia
338 _avolume
_bnc
_2rdacarrier
650 4 _aالحضارات الافريقية
_915957
999 _aA4624
_c8192
_d8192